| 000 | 00589nam a22002177a 4500 | ||
|---|---|---|---|
| 003 | FEu | ||
| 005 | 20150829104904.0 | ||
| 008 | 130219t xxu||||| |||| 00| 0 eng d | ||
| 020 | _a9780763730376 | ||
| 020 | _a0763730378 | ||
| 050 |
_aRT 85 _b.V4 2006 |
||
| 100 | _aVeatch, Robert M. | ||
| 245 |
_aCase studies in nursing ethics / _cRobert M. Veatch. |
||
| 250 | _a3rd edition. | ||
| 260 |
_aSudbury, MA : _bJones and Bartlett Publishers, _c2006. |
||
| 300 |
_axvii, 460 pages : _c22 cm. |
||
| 526 | _c1210L-1700L | ||
| 942 |
_2lcc _cBK _kFOR |
||
| 999 |
_c18488 _d18488 |
||